| Tag |
First Indicator |
Second Indicator |
Subfields |
| LEADER |
00000cam a2200000 a 4500 |
| 001 |
in00001379621 |
| 005 |
20151019174255.0 |
| 008 |
941104s1995 nkcac b 000 0 eng d |
| 010 |
|
|
|a cn 94950272
|
| 015 |
|
|
|a C94-950272-3
|
| 020 |
|
|
|a 0920483887
|
| 035 |
|
|
|a (OCoLC)31651173
|
| 035 |
|
|
|9 AHL0576AM
|
| 040 |
|
|
|a CaNSHD
|b eng
|c NLC
|d TXA
|d UtOrBLW
|
| 043 |
|
|
|a n-cn-nk
|
| 049 |
|
|
|a TXAM
|
| 055 |
0 |
2 |
|a FC2496.8*
|
| 082 |
0 |
0 |
|a 971.5/1
|2 21
|
| 090 |
|
|
|a F1044.5.F8
|b M33 1994
|
| 100 |
1 |
|
|a MacBeath, George,
|d 1924-
|
| 245 |
1 |
0 |
|a New Brunswick's old Government House :
|b a pictorial history /
|c George MacBeath.
|
| 246 |
3 |
0 |
|a Old Government House
|
| 264 |
|
1 |
|a Fredericton, N.B. :
|b New Ireland Press,
|c [1995]
|
| 264 |
|
4 |
|c ©1995
|
| 300 |
|
|
|a 75 pages :
|b illustrations (some color), portraits ;
|c 21 x 26 cm.
|
| 336 |
|
|
|a text
|b txt
|2 rdacontent
|
| 337 |
|
|
|a unmediated
|b n
|2 rdamedia
|
| 338 |
|
|
|a volume
|b nc
|2 rdacarrier
|
| 504 |
|
|
|a Includes bibliographical references (pages 73-75).
|
| 650 |
|
0 |
|a Government House (Fredericton, N.B.)
|
| 651 |
|
0 |
|a Fredericton (N.B.)
|x Buildings, structures, etc.
|
| 948 |
|
|
|a c:dm
|
| 999 |
|
|
|a MARS
|
| 999 |
f |
f |
|s 191ba179-f8ca-3455-ab20-f53ad231d61d
|i 28a78510-9388-37fd-8ed9-abbdbfc61ae1
|t 0
|
| 952 |
f |
f |
|p ric
|a Texas A&M University
|b Rellis Campus
|c Joint Library Facility
|d Remote Storage
|t 0
|e F1044.5.F8 M33 1994
|h Library of Congress classification
|i unmediated -- volume
|m A14822222196
|
| 998 |
f |
f |
|a F1044.5.F8 M33 1994
|t 0
|l Remote Storage
|